| 000 | 00739cab a2200241 4500 | ||
|---|---|---|---|
| 001 | WB3313-49 | ||
| 008 | 090401t1997 xxu||||| |||| 00| 0 eng d | ||
| 035 | _a(Sirsi) u77385 | ||
| 041 | _aeng | ||
| 245 | _aOrganic chemicals are polluters | ||
| 260 | _c1997 | ||
| 350 | _a0 | ||
| 490 |
_aContract Journal _v387(6117) 19 March 1997, 5(1) |
||
| 520 | _aA new report "Groundwater Pollution", reveals that run-off from landfill sites is not the biggest polluter of water sources, organic chemicals are worse. | ||
| 650 | _aGROUNDWATER CONTAMINATION | ||
| 650 | _aINDUSTRIAL POLLUTION | ||
| 650 | _aLANDFILL SITES | ||
| 650 | _aORGANIC CHEMICALS | ||
| 650 | _aPOLLUTION | ||
| 690 | _aWATER | ||
| 942 | _n0 | ||
| 948 | _c25/03/1997 | ||
| 999 |
_c48655 _d48655 |
||